000 00551nam a2200193Ia 4500
003 IN-BaIIA
008 211028s9999 xx 000 0 eng d
020 _a0-87692-542-5
040 _cIIA Library
080 _a535
_bMEY
100 _aMeyer-Arendt, Jurgen R.
_918883
245 0 _aIntroduction to classical and modern optics
_cJurgen R. Meyer-Arendt
250 _a2nd ed.
260 _aNew Delhi
_bPrentice-Hall
_c1988
300 _axv, 559p.
650 _aNASA Thesaurus
650 _aOptics
942 _cBK
999 _c11031
_d11031